[Event "Berlin Unicorn op"]
[Site "Berlin"]
[Date "2003.05.30"]
[Round "4"]
[White "Richter, Michael"]
[Black "Becker, Walter"]
[Result "0-1"]
[WhiteElo "2396"]
[BlackElo "2274"]
[PlyCount "134"]
[EventDate "2003.05.28"]
[EventType "swiss"]
[EventRounds "7"]
[EventCountry "GER"]
[SourceTitle "CBM 094 Extra"]
[Source "ChessBase"]
[SourceDate "2003.07.09"]
[SourceVersion "2"]
[SourceVersionDate "2003.07.09"]
[SourceQuality "1"]

1. d4 d5 2. c4 dxc4 3. Nf3 Nf6 4. Qa4+ Nbd7 5. Qxc4 e6 6. g3 c5 7. Bg2 a6 8. dxc5 Bxc5 9. b4 Be7 10. Qb3 Nd5 11. a3 a5 12. e4 N5f6 13. 0-0 axb4 14. Nbd2 0-0 15. Rd1 b5 16. e5 Nd5 17. Ne4 Nc5 18. Nxc5 Bxc5 19. Ra2 Qb6 20. axb4 Rxa2 21. bxc5 Qa5 22. Bd2 Qa3 23. Qxa3 Rxa3 24. c6 Nc3 25. Re1 b4 26. Nd4 Ba6 27. Nc2 Ra2 28. Nxb4 Rxd2 29. Nxa6 Rc2 30. h4 Nd5 31. Bxd5 exd5 32. Nc7 Rd8 33. e6 fxe6 34. Nxe6 Re8 35. c7 Rxc7 36. f4 g6 37. g4 Rc4 38. Kf2 Re4 39. Rxe4 dxe4 40. Nc5 e3+ 41. Ke2 Kg7 42. Nd3 Kf6 43. Ne5 h5 44. gxh5 gxh5 45. Nc4 Rg8 46. Nxe3 Rg3 47. Kd3 Rh3 48. Ke4 Rxh4 49. Nd5+ Ke6 50. Nc7+ Kd7 51. Nd5 Kd6 52. Ne3 Rh3 53. Nd5 Rb3 54. Ne3 Ke6 55. Nf5 Kf6 56. Nh4 Ra3 57. Ng2 Rh3 58. Ne3 Kg6 59. Nd5 Ra3 60. Ne7+ Kf6 61. Nd5+ Kg7 62. Ne7 Kf6 63. Nd5+ Kf7 64. f5 h4 65. Ne3 h3 66. Nf1 Ra1 67. Nh2 Ra2 0-1

[Event "Oberliga Nord O 0203"]
[Site "Germany"]
[Date "2002.12.15"]
[Round "3.1"]
[White "Lueders, Gerhard"]
[Black "Becker, Walter"]
[Result "0-1"]
[WhiteElo "2303"]
[BlackElo "2274"]
[PlyCount "116"]
[EventDate "2002.10.20"]
[EventType "team"]
[EventRounds "9"]
[EventCountry "GER"]
[SourceTitle "EXT 2009"]
[Source "ChessBase"]
[SourceDate "2008.11.26"]
[SourceVersion "1"]
[SourceVersionDate "2008.11.26"]
[SourceQuality "1"]
[WhiteTeam "Rehberge "]
[BlackTeam "Lasker Steglitz"]
[WhiteTeamCountry "GER"]
[BlackTeamCountry "GER"]

1. d4 c5 2. e3 e6 3. c3 Nf6 4. Bd3 d5 5. Nd2 Nc6 6. f4 Bd6 7. a3 cxd4 8. cxd4 a5 9. Qe2 a4 10. Ngf3 Bd7 11. Ne5 Qb6 12. 0-0 Na7 13. Nxd7 Nxd7 14. Nf3 f5 15. g4 0-0 16. gxf5 exf5 17. Ne5 Qd8 18. Qf3 Nb6 19. Bd2 Nc6 20. Kh1 Ne7 21. Rg1 Rc8 22. Ba5 Bxe5 23. fxe5 g6 24. Rg2 Ra8 25. Bb4 Rc8 26. Rag1 Rf7 27. Qh3 Rc6 28. Bxe7 Qxe7 29. Bxf5 Nc4 30. Bd3 Qd7 31. Qh6 Rb6 32. Bb1 Rg7 33. Rf2 Rxb2 34. Rf6 Rb6 35. e4 Rf7 36. Rxb6 Nxb6 37. Ba2 Rf2 38. Bb1 Qf7 39. Qh3 Kg7 40. e6 Qf3+ 41. Qxf3 Rxf3 42. exd5 Kf6 43. Be4 Rf4 44. Re1 Nc8 45. e7 Kxe7 46. Bxg6+ Kd6 47. Bxh7 Kxd5 48. Bg8+ Kxd4 49. Kg2 Rg4+ 50. Kf3 Rxg8 51. Re4+ Kc5 52. Rxa4 b5 53. Ra8 Ne7 54. Rxg8 Nxg8 55. Ke4 Kc4 56. h4 Kb3 57. Kd3 Kxa3 58. Kc3 b4+ 0-1